000 00758nam a22001457a 4500
999 _c59612
_d59612
005 20230323094626.0
008 230323c2021 ge ||||| |||| 00| 0 geo d
022 _a1512-0481
245 _aსაქართველოს უზენაესი სასამართლოს გადაწყვეტილებანი /
_bადმინისტრაციულ საქმეებზე : [ყოველთვიური]. განსჯადობა.
260 _aთბილისი,
_c2000-
300 _av.
653 _aსაქართველოს უზენაესი სასამართლოს გადაწყვეტილებანი
653 _aპერიოდიკა
942 _2udc
_cCR